000 00624nam a2200181Ia 4500
008 100920s9999 xx 000 0 und d
082 _b107375
_a891.43 न 08
100 _aपांडे नवरत्न.
245 _aचिन्दी चिन्दी अवस.
260 _bलिट्रेसी हाऊस, नई दिल्ली.
_c2008
300 _a104
_bसाधी
365 _b125
520 _aहिंदी.
630 _aचिन्दी चिन्दी अवस.
650 _aहिंदी.
730 _aचिन्दी चिन्दी अवस.
942 _cBOOK
999 _c747799
_d747796